=LDR 00000nam 2200000 4500 =001 INLIS000000000031752 =005 20130612133815 =008 ***********************************ind** =035 ##$$0010-061300000031752 =041 ##$$a ind =082 ##$$a 641.502 8 =090 ##$$a 641.502 8, Sur m =100 ##$$a SURYO,W.P =245 ##$$a Membuat Kompor Tanpa BBM, Suryo W.P, Rochim Armando =250 ##$$a Seri Teknologi Tepat Guna =260 ##$$a 2007 $b Jakarta =300 ##$$a 59 hlm, Ilus, 23 cm =650 ##$$a KOMPOR =700 ##$$a ARMANDO, Rochim =850 ##$$a NBPNMAT